| 000 | 00777nam a2200241Ia 4500 | ||
|---|---|---|---|
| 003 | GCL | ||
| 008 | 140319s9999 xx 000 0 ara d | ||
| 040 |
_aGCL / _cGCL |
||
| 082 | 0 | 4 |
_a339.49 _bه ا |
| 100 | 1 | _aهارون احمد عثمان | |
| 245 | 1 | 0 |
_aالاقتصاد البحرى مع اشارة خاصةلمشاكل الدول النامية / _cهارون احمد عثمان |
| 260 |
_a[S.N] : _bمنشاة المعارف الاسلامية ، _c1981 |
||
| 300 | _a368 ص | ||
| 490 | _a | ||
| 650 | 0 | 4 | _aمصر |
| 650 | 0 | 4 | _aالاقتصاد |
| 650 | 0 | 4 | _aالدول النامية |
| 650 | 0 | 4 | _aالاجتماع |
| 650 | 0 | 4 | _aالموانئ |
| 650 | 0 | 4 | _aحفظ وصيانة الموارد |
| 650 | 0 | 4 | _aالاسطول التجارى |
| 942 |
_2ddc _cBK |
||
| 999 |
_c27844 _d27844 |
||